00329nam a2200145Ia 4500008004100000041000800041100001700049245003000066260002200096300000900118520001200127520001500139650001000154999001900164230605s2000 xx 000 0 und d aeng aShiring S.B. aIntraoduction to catering bDelmar pub.c2000 a398p aGeneral aHard Board aF.Pro c420687d420687